[Event "Kaltern op 5th"]
[Site "Kaltern"]
[Date "2022.10.22"]
[Round "2"]
[White "Loiacono, Leonardo"]
[Black "Bevilacqua, Maurizio"]
[Result "1-0"]
[WhiteElo "2257"]
[BlackElo "2032"]
[PlyCount "103"]
[EventDate "2022.10.21"]
[EventType "swiss"]
[EventRounds "5"]
[EventCountry "ITA"]
[SourceTitle "EXT 2024"]
[Source "ChessBase"]
[SourceDate "2023.10.10"]
[SourceVersion "1"]
[SourceVersionDate "2023.10.10"]
[SourceQuality "1"]

1. d4 Nf6 2. c4 e6 3. Nc3 Bb4 4. Qc2 d5 5. cxd5 exd5 6. Bg5 0-0 7. e3 Nbd7 8. Bd3 Be7 9. Nge2 Re8 10. Bh4 c6 11. f3 Nf8 12. Bf2 c5 13. Qd2 b6 14. 0-0 a6 15. dxc5 bxc5 16. Bc2 Rb8 17. Rfd1 Ng6 18. b3 Bb7 19. Rac1 Bd6 20. e4 d4 21. Na4 Qe7 22. Bg3 Ne5 23. Nf4 Bc6 24. Nb2 c4 25. Nxc4 Nxc4 26. bxc4 Bb4 27. Qe2 Rbd8 28. Qf1 Bc3 29. Rb1 Qc5 30. Kh1 Nh5 31. Nxh5 Qxh5 32. Be1 Qa5 33. Bb3 g6 34. Rbc1 Qb4 35. Qd3 Bxe1 36. Rxe1 Qc5 37. f4 a5 38. Bd1 Rd7 39. Bf3 Rb8 40. e5 Rb2 41. f5 Rf2 42. e6 fxe6 43. fxe6 Re7 44. Rc2 Rxc2 45. Qxc2 Bxf3 46. gxf3 Qa3 47. Qe4 Qd6 48. Qa8+ Kg7 49. Qd5 Qf4 50. c5 Kh6 51. c6 Qd2 52. Qe4 1-0

[Event "Veneto-ch qf 81st"]
[Site "Verona"]
[Date "2022.05.07"]
[Round "3.7"]
[White "Vujicic, Luigi"]
[Black "Bevilacqua, Maurizio"]
[Result "1/2-1/2"]
[WhiteElo "1952"]
[BlackElo "2049"]
[PlyCount "123"]
[EventDate "2022.05.06"]
[EventType "swiss"]
[EventRounds "5"]
[EventCountry "ITA"]
[SourceTitle "EXT 2024"]
[Source "ChessBase"]
[SourceDate "2023.10.10"]
[SourceVersion "1"]
[SourceVersionDate "2023.10.10"]
[SourceQuality "1"]

1. e4 c5 2. Nc3 Nc6 3. g3 g6 4. Bg2 Bg7 5. d3 d6 6. Be3 e5 7. Qd2 h6 8. Nd5 Nge7 9. c3 Nxd5 10. exd5 Ne7 11. Ne2 Nf5 12. 0-0 0-0 13. d4 cxd4 14. cxd4 Nxe3 15. fxe3 Qb6 16. dxe5 Bxe5 17. Nc3 Bd7 18. Kh1 Rae8 19. e4 Bg7 20. Rae1 f5 21. Bh3 Re5 22. Rf2 Rfe8 23. Qc2 R8e7 24. Rfe2 Bb5 25. Nxb5 Qxb5 26. Bg2 Qe8 27. b3 g5 28. Bf3 g4 29. Bg2 h5 30. Kg1 h4 31. Kf1 h3 32. Bh1 Rf7 33. Rf2 Qf8 34. Ree2 Ree7 35. exf5 Rc7 36. Qd3 Qc8 37. Rc2 Rxc2 38. Qxc2 Qxc2 39. Rxc2 Rxf5+ 40. Ke2 Bd4 41. Kd3 Bg1 42. Be4 Rf7 43. Re2 Kg7 44. Rc2 Kf6 45. Re2 Kg5 46. Rc2 Rf1 47. Re2 Bc5 48. Rd2 a5 49. Re2 Kf6 50. Bh7 Rd1+ 51. Rd2 Rxd2+ 52. Kxd2 Ke5 53. Bg8 Kf5 54. Be6+ Kg5 55. Ke2 Bd4 56. Bd7 Be5 57. Kf2 Bd4+ 58. Ke2 Be5 59. Kf2 Bd4+ 60. Ke2 Be5 61. Kf2 Bd4+ 62. Ke2 1/2-1/2

[Event "Arco Christmas op 11th"]
[Site "Arco"]
[Date "2021.12.29"]
[Round "5"]
[White "Lezzerini, Marco"]
[Black "Bevilacqua, Maurizio"]
[Result "1-0"]
[WhiteElo "2088"]
[BlackElo "2030"]
[PlyCount "153"]
[EventDate "2021.12.26"]
[EventType "swiss"]
[EventRounds "7"]
[EventCountry "ITA"]
[SourceTitle "CBM 205 Extra"]
[Source "ChessBase"]
[SourceDate "2022.01.31"]
[SourceVersion "1"]
[SourceVersionDate "2022.01.31"]
[SourceQuality "1"]

1. d4 Nf6 2. c4 e6 3. Nc3 Bb4 4. Qc2 d5 5. a3 Bxc3+ 6. Qxc3 0-0 7. Bg5 dxc4 8. Qxc4 b6 9. Nf3 Bb7 10. Rc1 Bd5 11. Qc3 Nbd7 12. e3 h6 13. Bxf6 Qxf6 14. Be2 c5 15. 0-0 Qg6 16. Bd3 f5 17. Be2 c4 18. Nh4 Qf6 19. Nf3 Rac8 20. Ne5 Nxe5 21. dxe5 Qg5 22. f3 b5 23. Rfd1 a5 24. Qd4 Rfd8 25. Qb6 Rb8 26. h4 Qxh4 27. Qxa5 Qg3 28. Qc3 Rf8 29. Qd4 Kh7 30. Qf4 Qg6 31. Rd4 Qf7 32. Rcd1 g5 33. Qg3 f4 34. exf4 gxf4 35. Qh4 Rb7 36. a4 Qf5 37. axb5 Qxe5 38. Bxc4 Bxf3 39. Rd7+ Rf7 40. Rxf7+ Rxf7 41. Re1 Qd4+ 42. Qf2 Qxc4 43. Qxf3 Qxb5 44. Rxe6 Qf5 45. Qe4 Qxe4 46. Rxe4 Kg6 47. Kf2 Kg5 48. Kf3 Rf5 49. b4 Rd5 50. Rxf4 Rd3+ 51. Ke2 Rb3 52. Rc4 Kf5 53. Kf2 Rb2+ 54. Kg3 Kg6 55. Rc6+ Kg7 56. Rb6 Rb3+ 57. Kf4 Kf7 58. g4 Rb1 59. Rb7+ Kf6 60. Rb6+ Kf7 61. b5 Ke7 62. Rb8 Rf1+ 63. Ke5 Re1+ 64. Kd5 Rd1+ 65. Kc6 Rc1+ 66. Kb7 Rc5 67. b6 Rg5 68. Rh8 Rxg4 69. Rxh6 Kd7 70. Rh7+ Kd6 71. Rh8 Ra4 72. Kb8 Kd7 73. b7 Ra2 74. Rh7+ Kd8 75. Rh1 Rd2 76. Rb1 Kd7 77. Ka7 1-0

[Event "Arco Christmas op 10th"]
[Site "Arco"]
[Date "2019.12.29"]
[Round "5"]
[White "Lezzerini, Marco"]
[Black "Bevilacqua, Maurizio"]
[Result "1/2-1/2"]
[WhiteElo "2127"]
[BlackElo "2082"]
[PlyCount "86"]
[EventDate "2019.12.26"]
[EventType "swiss"]
[EventRounds "7"]
[EventCountry "ITA"]
[SourceTitle "CBM 194 Extra"]
[Source "ChessBase"]
[SourceDate "2020.03.31"]
[SourceVersion "1"]
[SourceVersionDate "2020.03.31"]
[SourceQuality "1"]

1. d4 Nf6 2. c4 e6 3. Nc3 Bb4 4. Qc2 c5 5. dxc5 Na6 6. g3 Qa5 7. Bg2 Bxc3+ 8. bxc3 Nxc5 9. Rb1 d6 10. Nf3 0-0 11. 0-0 Rb8 12. Nd4 Bd7 13. Nb5 Rfd8 14. Bg5 Be8 15. Bxf6 gxf6 16. Nd4 f5 17. Rfd1 Ba4 18. Nb3 Qc7 19. Rd4 Rd7 20. Qd2 f6 21. Qh6 Rg7 22. Qxf6 Rf8 23. Qh6 Rg6 24. Qd2 e5 25. Nxc5 Qxc5 26. Rd5 Qc7 27. c5 dxc5 28. Qe3 e4 29. Rxc5 Qd7 30. Qd4 Rd6 31. Qc4+ Rf7 32. Bh3 b5 33. Rc8+ Kg7 34. Qc5 Rd5 35. Qc6 b4 36. Qxd7 Bxd7 37. Rc4 bxc3 38. Rxc3 Rd2 39. a3 Rxe2 40. Rc7 e3 41. fxe3 Rxe3 42. Rxa7 Rfe7 43. Rd1 Bc6 1/2-1/2

[Event "Verona-chT Serie C/8 51st"]
[Site "Verona"]
[Date "2019.03.16"]
[Round "2.1"]
[White "Bonagura, Stefano"]
[Black "Bevilacqua, Maurizio"]
[Result "1-0"]
[WhiteElo "2249"]
[BlackElo "2065"]
[PlyCount "93"]
[EventDate "2019.03.15"]
[EventType "team-tourn"]
[EventRounds "5"]
[EventCountry "ITA"]
[SourceTitle "EXT 2022"]
[Source "ChessBase"]
[SourceDate "2021.10.06"]
[SourceVersion "1"]
[SourceVersionDate "2021.10.06"]
[SourceQuality "1"]
[WhiteTeam "Bolzano Naturno"]
[BlackTeam "Gardolo Trento Nettuno"]
[WhiteTeamCountry "ITA"]
[BlackTeamCountry "ITA"]

1. e4 c5 2. Nc3 Nc6 3. g3 e6 4. Bg2 Nf6 5. d3 Be7 6. f4 d6 7. Nf3 Qc7 8. 0-0 a6 9. h3 0-0 10. g4 Rd8 11. Qe2 Nd4 12. Qf2 d5 13. g5 Nh5 14. exd5 Nf5 15. Nh4 Nhg3 16. Nxf5 Nxf5 17. Be3 Rb8 18. a4 b6 19. dxe6 Bxe6 20. Ne4 c4 21. d4 Bd5 22. Ng3 Bxg2 23. Kxg2 Qc6+ 24. Kh2 Rd5 25. c3 Bd6 26. Nxf5 Rxf5 27. Qg2 Qc7 28. Qg4 g6 29. Kh1 Re8 30. Bd2 Re4 31. Qg2 Re7 32. Rae1 Kg7 33. Rxe7 Qxe7 34. h4 h5 35. Qf3 Qd7 36. Qe4 Qxa4 37. Be3 Qb5 38. Rf2 Qb3 39. Kg2 Qd1 40. Qf3 Qb3 41. Qc6 Bf8 42. Rd2 Ra5 43. d5 Qb5 44. Qxb5 Rxb5 45. Bd4+ Kg8 46. Be5 Be7 47. Bc7 1-0

[Event "Verona op-A"]
[Site "Verona"]
[Date "2019.01.05"]
[Round "6"]
[White "Privitera, Franco"]
[Black "Bevilacqua, Maurizio"]
[Result "0-1"]
[WhiteElo "1959"]
[BlackElo "2074"]
[PlyCount "88"]
[EventDate "2019.01.02"]
[EventType "swiss"]
[EventRounds "7"]
[EventCountry "ITA"]
[SourceTitle "CBM 188 Extra"]
[Source "ChessBase"]
[SourceDate "2019.02.26"]
[SourceVersion "1"]
[SourceVersionDate "2019.02.26"]
[SourceQuality "1"]

1. Nf3 Nf6 2. g3 d5 3. Bg2 c6 4. d4 Bg4 5. c4 dxc4 6. Ne5 Be6 7. Nc3 Nbd7 8. Bf4 g6 9. 0-0 Bg7 10. Qc2 Nd5 11. Ne4 Nxe5 12. dxe5 Qc8 13. Ng5 0-0 14. a3 b5 15. Nf3 Rd8 16. Bd2 a5 17. Qe4 h6 18. Qd4 Qc7 19. Qh4 Bxe5 20. Nxe5 Qxe5 21. e4 Nf6 22. Be3 Qh5 23. Qf4 Rac8 24. Bb6 g5 25. Qc1 Rd3 26. Bxa5 Ng4 27. h3 Nf6 28. g4 Qg6 29. f3 Nd7 30. f4 gxf4 31. Qxf4 Qg5 32. Qf2 Ne5 33. Rad1 Rxd1 34. Rxd1 Nd3 35. Qe2 f6 36. Rxd3 cxd3 37. Qxd3 Qc1+ 38. Kh2 Qxb2 39. Bc3 Qxa3 40. e5 Bf7 41. exf6 Qd6+ 42. Qxd6 exd6 43. Be4 c5 44. Bd2 Re8 0-1

[Event "Arco op 40th"]
[Site "Arco"]
[Date "2018.10.17"]
[Round "5"]
[White "Bevilacqua, Maurizio"]
[Black "Bacchelli, Andrea"]
[Result "1-0"]
[WhiteElo "2107"]
[BlackElo "1745"]
[PlyCount "76"]
[EventDate "2018.10.13"]
[EventType "swiss"]
[EventRounds "9"]
[EventCountry "ITA"]
[SourceTitle "CBM 186 Extra"]
[Source "ChessBase"]
[SourceDate "2018.08.24"]
[SourceVersion "1"]
[SourceVersionDate "2018.08.24"]
[SourceQuality "1"]

1. c4 c6 2. Nf3 d5 3. e3 Nf6 4. b3 e6 5. Bb2 Nbd7 6. Qc2 Bd6 7. g4 0-0 8. Rg1 e5 9. g5 Ne8 10. Nc3 e4 11. Nd4 Nc7 12. h4 Ne5 13. 0-0-0 Bg4 14. Rxg4 Nxg4 15. d3 exd3 16. Bxd3 g6 17. c5 Bxc5 18. Nce2 Bd6 19. Nf5 Be5 20. Nf4 Bxb2+ 21. Qxb2 f6 22. Nh6+ Nxh6 23. gxh6 Qe8 24. h5 g5 25. Rg1 Qe7 26. Ne2 Rae8 27. Qc2 Rf7 28. Nd4 Qf8 29. Bg6 Qxh6 30. Bxf7+ Kxf7 31. Nf5 Qf8 32. h6 Rd8 33. Ng7 Qg8 34. Qf5 Ke7 35. f4 Ne6 36. fxg5 Nxg7 37. hxg7 Kd6 38. Qxf6+ Kd7 1-0

[Event "Porto Mannu op 10th"]
[Site "Porto Mannu"]
[Date "2018.06.02"]
[Round "3"]
[White "Movsziszian, Karen"]
[Black "Bevilacqua, Maurizio"]
[Result "1-0"]
[WhiteElo "2527"]
[BlackElo "2098"]
[PlyCount "75"]
[EventDate "2018.06.02"]
[EventType "swiss"]
[EventRounds "9"]
[EventCountry "ITA"]
[SourceTitle "CBM 184 Extra"]
[Source "ChessBase"]
[SourceDate "2018.06.28"]
[SourceVersion "1"]
[SourceVersionDate "2018.06.28"]
[SourceQuality "1"]

1. g3 d5 2. Bg2 Nf6 3. Nf3 c6 4. 0-0 Bg4 5. d3 Nbd7 6. Nbd2 e6 7. h3 Bh5 8. e4 Be7 9. Qe1 0-0 10. a3 a5 11. b3 Ne8 12. Bb2 Bf6 13. e5 Be7 14. Nd4 Bg6 15. f4 c5 16. Nb5 a4 17. Qe2 Qb6 18. c4 axb3 19. a4 Qd8 20. cxd5 exd5 21. f5 Ra6 22. Nxb3 Nc7 23. Nxc7 Qxc7 24. Bxd5 Nb6 25. Be4 Nxa4 26. fxg6 hxg6 27. Kh2 Nxb2 28. Rxa6 bxa6 29. Qxb2 c4 30. Rc1 Rb8 31. Rxc4 Qb6 32. Rc3 Qe3 33. Qc2 Kh7 34. d4 Qe1 35. h4 a5 36. Nxa5 Bb4 37. Rb3 Rb6 38. Nc6 1-0

[Event "Kaltern Trophy-A 2nd"]
[Site "Kaltern"]
[Date "2017.10.28"]
[Round "2"]
[White "Rubini, Alessandro"]
[Black "Bevilacqua, Maurizio"]
[Result "0-1"]
[WhiteElo "1946"]
[BlackElo "2093"]
[PlyCount "64"]
[EventDate "2017.10.27"]
[EventType "swiss"]
[EventRounds "5"]
[EventCountry "ITA"]
[SourceTitle "CBM 181 Extra"]
[Source "ChessBase"]
[SourceDate "2017.12.12"]
[SourceVersion "1"]
[SourceVersionDate "2017.12.12"]
[SourceQuality "1"]

1. e4 e6 2. d4 d5 3. Nc3 Bb4 4. e5 c5 5. a3 Ba5 6. b4 cxd4 7. Nb5 Bc7 8. Qxd4 Nc6 9. Nxc7+ Qxc7 10. Bb5 Nge7 11. Nf3 0-0 12. Bxc6 Nxc6 13. Qc3 Bd7 14. b5 Qa5 15. Bd2 Qxc3 16. Bxc3 Ne7 17. Bb4 Rfe8 18. Nd4 Ng6 19. Bd6 f6 20. h4 Nxe5 21. a4 Nc4 22. Bb4 e5 23. Nb3 b6 24. Nd2 Rac8 25. 0-0-0 Bf5 26. c3 d4 27. Nb1 Red8 28. f3 Ne3 29. Rd2 Nd5 30. g4 Bxb1 31. Kxb1 dxc3 32. Rxd5 Rxd5 0-1

[Event "Arco op-A 39th"]
[Site "Arco"]
[Date "2017.10.15"]
[Round "9"]
[White "Huemmer, Bernd"]
[Black "Bevilacqua, Maurizio"]
[Result "0-1"]
[WhiteElo "2169"]
[BlackElo "2093"]
[PlyCount "70"]
[EventDate "2017.10.07"]
[EventType "swiss"]
[EventRounds "9"]
[EventCountry "ITA"]
[SourceTitle "CBM 181 Extra"]
[Source "ChessBase"]
[SourceDate "2017.12.12"]
[SourceVersion "1"]
[SourceVersionDate "2017.12.12"]
[SourceQuality "1"]

1. c4 e5 2. Nc3 Nc6 3. Nf3 f5 4. d4 e4 5. Bg5 Be7 6. Bxe7 Ngxe7 7. Ng1 d6 8. h4 0-0 9. e3 f4 10. exf4 Rxf4 11. g3 Rg4 12. Be2 h5 13. d5 Ne5 14. Qc2 Bf5 15. Bxg4 Nd3+ 16. Kf1 hxg4 17. Qe2 Qf8 18. Rh2 Nc5 19. b4 Qf6 20. Rc1 Nd3 21. Rc2 Nxb4 22. Rc1 Nd3 23. Rc2 Qd4 24. Qe3 Qxc4 25. Nge2 Re8 26. Rh1 Bh7 27. Qd4 Qa6 28. Kg2 Nf5 29. Qa4 Qxa4 30. Nxa4 e3 31. f3 gxf3+ 32. Kxf3 Ne5+ 33. Kf4 Nxg3 34. Rhc1 Nxe2+ 35. Rxe2 Nd3+ 0-1

[Event "Arco op 38th"]
[Site "Arco"]
[Date "2016.10.12"]
[Round "5"]
[White "Bevilacqua, Maurizio"]
[Black "Ager, Josef"]
[Result "0-1"]
[WhiteElo "2074"]
[BlackElo "2144"]
[PlyCount "100"]
[EventDate "2016.10.08"]
[EventType "swiss"]
[EventRounds "9"]
[EventCountry "ITA"]
[SourceTitle "EXT 2017"]
[Source "ChessBase"]
[SourceDate "2016.10.25"]
[SourceVersion "1"]
[SourceVersionDate "2016.10.25"]
[SourceQuality "1"]

1. d4 Nf6 2. c4 g6 3. Nc3 Bg7 4. Nf3 0-0 5. Bg5 d6 6. e3 Nfd7 7. Be2 c6 8. h4 h6 9. Bf4 e5 10. Bg3 f5 11. Qd2 e4 12. Ng1 Nf6 13. Nh3 Be6 14. Nf4 Bf7 15. h5 g5 16. Ng6 Bxg6 17. hxg6 Na6 18. a3 Nc7 19. b4 Qe7 20. Qa2 Nfe8 21. c5+ d5 22. Qd2 Qf6 23. Bh5 f4 24. Bh2 Ne6 25. Ne2 Qf5 26. f3 Nf6 27. g4 fxe3 28. gxf5 exd2+ 29. Kxd2 Nxh5 30. fxe6 exf3 31. Bd6 fxe2 32. Rxh5 Rf6 33. e7 Rxg6 34. Kxe2 Bxd4 35. Rf1 Bg7 36. Rh3 Rf6 37. Rxf6 Bxf6 38. Rxh6 Kg7 39. Rh3 Re8 40. Kf3 Bxe7 41. Bc7 Bf6 42. Kg4 Kg6 43. Rd3 Re4+ 44. Kf3 Kf5 45. Bb8 a6 46. Bg3 Rc4 47. Be1 Be5 48. a4 g4+ 49. Ke2 Bf4 50. Kd1 Ke4 0-1

[Event "Porto Mannu op 8th"]
[Site "Porto Mannu"]
[Date "2016.06.06"]
[Round "3"]
[White "Sprotte, Norbert"]
[Black "Bevilacqua, Maurizio"]
[Result "1-0"]
[WhiteElo "2216"]
[BlackElo "2044"]
[PlyCount "109"]
[EventDate "2016.06.04"]
[EventType "swiss"]
[EventRounds "9"]
[EventCountry "ITA"]
[SourceTitle "CBM 172 Extra"]
[Source "ChessBase"]
[SourceDate "2016.06.21"]
[SourceVersion "1"]
[SourceVersionDate "2016.06.21"]
[SourceQuality "1"]

1. d4 Nf6 2. Nf3 e6 3. e3 b6 4. Bd3 Bb7 5. 0-0 c5 6. c4 Be7 7. Nc3 d6 8. b3 Nbd7 9. Bb2 a6 10. Re1 0-0 11. d5 e5 12. Qc2 g6 13. e4 Nh5 14. Ne2 Bc8 15. Bc1 Ng7 16. Bh6 Nf6 17. h3 Nfe8 18. Ng3 f5 19. Rab1 f4 20. Nf1 Nc7 21. N1h2 b5 22. Ng4 Bd7 23. Be2 a5 24. Red1 Ra6 25. Qb2 Bxg4 26. hxg4 b4 27. g3 fxg3 28. fxg3 a4 29. Kg2 Rf7 30. Qd2 Qa8 31. Rb2 axb3 32. axb3 Nce8 33. g5 Nh5 34. Nh2 Neg7 35. Bg4 Nf4+ 36. gxf4 Rxf4 37. Qe2 Qd8 38. Rf1 Bxg5 39. Rxf4 exf4 40. Bxg7 Kxg7 41. e5 dxe5 42. Nf3 h5 43. Be6 Bf6 44. Qe4 Ra3 45. Nxe5 Bxe5 46. Qxe5+ Qf6 47. Qxf6+ Kxf6 48. Rd2 Ra8 49. Kf3 g5 50. Bh3 Rg8 51. Bf1 Kf5 52. Bd3+ Ke5 53. Re2+ Kd4 54. Bf5 Rf8 55. d6 1-0

[Event "Lugano op"]
[Site "Lugano"]
[Date "2014.11.09"]
[Round "5"]
[White "Boschetti, Claudio"]
[Black "Bevilacqua, Maurizio"]
[Result "1-0"]
[WhiteElo "2129"]
[BlackElo "2068"]
[PlyCount "33"]
[EventDate "2014.11.07"]
[EventType "swiss"]
[EventRounds "5"]
[EventCountry "SUI"]
[SourceTitle "EXT 2015"]
[Source "ChessBase"]
[SourceDate "2014.11.20"]
[SourceVersion "1"]
[SourceVersionDate "2014.11.20"]
[SourceQuality "1"]

1. e4 c5 2. Nf3 g6 3. d4 cxd4 4. c3 dxc3 5. Nxc3 Bg7 6. e5 Nc6 7. Bc4 Nh6 8. Bf4 Qb6 9. Qd2 Qb4 10. Bxh6 Bxh6 11. Bxf7+ Kxf7 12. Qxh6 Qc4 13. 0-0-0 e6 14. Rhe1 b5 15. Re4 Qc5 16. Rf4+ Kg8 17. Rd6 1-0

[Event "Lugano op"]
[Site "Lugano"]
[Date "2014.11.08"]
[Round "3"]
[White "Colmenares, Aurelio"]
[Black "Bevilacqua, Maurizio"]
[Result "1-0"]
[WhiteElo "2301"]
[BlackElo "2068"]
[PlyCount "103"]
[EventDate "2014.11.07"]
[EventType "swiss"]
[EventRounds "5"]
[EventCountry "SUI"]
[SourceTitle "EXT 2015"]
[Source "ChessBase"]
[SourceDate "2014.11.20"]
[SourceVersion "1"]
[SourceVersionDate "2014.11.20"]
[SourceQuality "1"]

1. e4 c5 2. Nf3 e6 3. d4 cxd4 4. Nxd4 a6 5. Nc3 Qc7 6. Be3 Nf6 7. Qf3 d6 8. 0-0-0 Nc6 9. Qg3 Bd7 10. Bd3 h5 11. f3 Ne5 12. Kb1 Rc8 13. Rhe1 h4 14. Qf2 Be7 15. h3 Nxd3 16. cxd3 b5 17. Rc1 Qb7 18. Qd2 b4 19. Nce2 Rh5 20. Rxc8+ Bxc8 21. f4 Nd7 22. Nf3 Nc5 23. Ned4 Bd7 24. Nb3 Nxb3 25. axb3 Bf6 26. Rc1 a5 27. Bd4 Bb5 28. Bxf6 gxf6 29. Nd4 Rc5 30. Ne2 Qa6 31. Rxc5 dxc5 32. Nc1 Qd6 33. Qe3 Ke7 34. Kc2 a4 35. bxa4 Bxa4+ 36. b3 Bb5 37. Qf2 Qc7 38. Qxh4 Qa5 39. Qf2 Kd6 40. e5+ fxe5 41. fxe5+ Kd5 42. Qf4 Kc6 43. Qxf7 Qa1 44. Qxe6+ Kb7 45. Qe7+ Kb6 46. Qd8+ Kb7 47. Qd5+ Kb6 48. Qd6+ Bc6 49. Qb8+ Bb7 50. Qd8+ Ka7 51. e6 Qc3+ 52. Kb1 1-0